The Beatles - I'm Only Sleeping Lyrics - Statistics

General Stats
  • This quiz has been taken 81 times
  • The average score is 147 of 179
Answer Stats
Answer % Correct
a
100%
I
100%
I'm
100%
in
98%
morning
98%
on
98%
only
98%
sleeping
98%
the
98%
When
98%
early
96%
up
96%
wake
96%
don't
94%
me
94%
my
94%
dream
91%
middle
91%
of
91%
Please
91%
am
89%
No
89%
no
89%
shake
89%
still
89%
where
89%
yawning
87%
Leave
85%
bed
80%
head
80%
float
78%
an
74%
by
74%
Lift
74%
stream
74%
window
74%
stay
72%
Stay
72%
mind
70%
there
70%
going
67%
they
67%
time
67%
world
67%
at
65%
eye
65%
need
65%
Keepin'
63%
think
63%
to
63%
crazy
61%
day
61%
Everybody
61%
everywhere
61%
lazy
61%
Runnin'
61%
and
59%
seems
59%
speed
59%
spoil
59%
such
59%
all
57%
find
57%
Takin'
57%
they're
57%
after
56%
there's
56%
'Til
56%
away
54%
miles
54%
Lyin'
41%
ceiling
37%
feeling
35%
sleepy
35%
staring
35%
for
31%
Waiting
31%
No matching quizzes found
Score Distribution
Percent of People with Each Score
Percentile by Number Answered
Your Score History
You have not taken this quiz